Loading...
| Literature - British | 0 | 2 | 0 | 0 | 20 | 132 | 142.50 | 0 | 2 | 0.00 | 0.00 |
| Literature - European | 0 | 2 | 0 | 1 | 20 | 122 | 132.00 | 0 | 2 | 0.00 | 0.00 |
| Science - Other | 0 | 2 | 0 | 0 | 20 | 121 | 128.00 | 0 | 2 | 0.00 | 0.00 |
| History - American | 1 | 1 | 1 | 0 | 20 | 69 | 91.00 | 1 | 2 | 0.00 | 0.00 |
| History - European | 1 | 0 | 0 | 0 | 15 | 51 | 51.00 | 1 | 1 | 0.00 | 0.00 |
| Religion | 0 | 2 | 1 | 0 | 15 | 124 | 125.00 | 1 | 2 | 0.00 | 0.00 |
| Social Science | 0 | 1 | 0 | 0 | 10 | 123 | 123.00 | 0 | 1 | 0.00 | 0.00 |
| History - World | 0 | 1 | 0 | 1 | 10 | 127 | 127.00 | 1 | 1 | 0.00 | 0.00 |
| Literature - American | 0 | 1 | 0 | 0 | 10 | 142 | 142.00 | 0 | 1 | 0.00 | 0.00 |
| Literature - World | 0 | 1 | 0 | 0 | 10 | 148 | 148.00 | 0 | 1 | 0.00 | 0.00 |
| Science - Physics | 0 | 1 | 0 | 0 | 10 | 121 | 121.00 | 0 | 1 | 0.00 | 0.00 |
| Philosophy | 0 | 1 | 1 | 0 | 5 | 107 | 107.00 | 1 | 1 | 0.00 | 0.00 |
| Mythology | 0 | 0 | 0 | 0 | 0 | 0.00 | 0 | 0 | 0.00 | 0.00 | |
| Fine Arts - Other | 0 | 0 | 0 | 0 | 0 | 0.00 | 0 | 0 | 0.00 | 0.00 | |
| Fine Arts - Visual | 0 | 0 | 1 | 0 | -5 | 0.00 | 0 | 0 | 0.00 | 0.00 |